000 00829nas a2200289 4500
001 BR0001860
003 BR-BrBNA
005 20231205101815.0
007 ta
008 230509b bl.|||p| |||| 00| 00por d
040 _aBR-BrBNA
_bpor
_cBiblioteca Nacional de Agricultura
041 _a(Pt)
072 _aP35; H60
100 1 _aCarvalho, M.M.
100 1 _aXavier, D.F.
100 1 _aFreitas, V. de P.
100 1 _aVerneque, R. da S.
245 1 _aCorrecao da acidez do solo e controle do capim-sape
650 _aSape
650 _aHerbicida
650 _aAcidez do Solo
650 _aCalagem
650 _aMinas Gerais
773 0 _tRevista Brasileira de Zootecnia (Brazil)
_xISSN 1516-3598
_g(Jan-Feb 2000), v. 29(1) p. 33-39
_wBR0001860
909 _a202311
_bLúcia
_c55
_dLúcia Elande
942 _2AGRIS
_n0
_cANA
999 _c164067
_d164067